| 000 | 01690cad a22002535a 4500 | ||
|---|---|---|---|
| 001 | L147773 | ||
| 008 | 090616m2009 xxk g f000 0 eng d | ||
| 035 | _a(Sirsi) u147773 | ||
| 041 | 0 | _aeng | |
| 110 | 2 |
_aUnited Kingdom _bDepartment for Communities and Local Government _94939 |
|
| 245 | 0 | 4 |
_aThe Housing (Replacement of Terminated Tenancies) (Successor Landlords) (England) Order 2009 _h[electronic resource] |
| 260 |
_a[S.l.] _bOPSI _c2009 |
||
| 490 | 0 |
_aSI _v1262 |
|
| 520 | _aThis Order, which applies in relation to dwelling-houses in England only, provides for Part 2 of the Housing an Regeneration Act 2008 Schedule 11 to apply, subject to specified modifications, to successor landlord cases. A successor landlord case is one where the ex-landlord's interest in the dwelling-house was transferred to another person after the original tenancy ended but before "the commencement date", and, on that date, belongs to the initial transferee or a subsequent transferee (the "successor landlord"). In the circumstances specified in Part 2, as modified, on the date this Order comes into force, a new tenancy is treated as arising between the successor landlord and the ex-tenant. | ||
| 520 | _aComes into force on 20 May 2009. | ||
| 521 | _aAdvanced | ||
| 590 | _aKA | ||
| 650 | 2 | 4 | _aHOUSING AND REGENERATION ACT 2008 |
| 650 | 2 | 4 | _aHOUSING (REPLACEMENT OF TERMINATED TENANCIES) (SUCCESSOR LANDLORDS) (ENGLAND) ORDER 2009 |
| 651 | 4 |
_aEngland _y886- |
|
| 690 | _aPROPERTY-RESIDENTIAL PROPERTY-RESIDENTIAL LANDLORD AND TENANT | ||
| 856 | 4 | 0 |
_uhttps://www.opsi.gov.uk/si/si2009/uksi_20091262_en_1 _zView the Statutory Instrument free of charge at www.opsi.gov.uk... |
| 942 | _n0 | ||
| 999 |
_c109718 _d109718 |
||